00869nam a2200253 a 450000100060000000300080000600500170001400800410003102000300007203500190010204000270012104100080014808200330015610000270018924501140021626000420033030000250037250000220039752000420041965000430046165000490050465100260055370000360057952246BD-RjUL20211209075755.0950309s1994 bg b 001 0 eng  a9840512552 c: Tk. 550.00 a(BD-RjUL)52366 aDLCcDLCbengdBD-RjUL aeng00a016.3381095492223bALC 19942 aAli, A. M. M. Shawkat 10aA Comprehensive bibliography on agriculture and rural development /cA.M.M. Shawkat Ali, Mujibur Rahman Khan. aDhaka:bUniversity Press Ltd.,c1994. aiv, 497 p. ;c25 cm. aIncludes indexes. aChiefly with reference to Bangladesh. 0aAgriculturezBangladeshxBibliography. 0aRural developmentzBangladeshxBibliography. 0aBangladeshxImprints.1 aKhan, Mujibur Rahman, Jt. auth.